The garden handyman / (Record no. 135250)

MARC details
000 -LEADER
fixed length control field 00741nam a22002417a 4500
005 - DATE AND TIME OF LATEST TRANSACTION
control field 20170124110242.0
010 ## - LIBRARY OF CONGRESS CONTROL NUMBER
LC control number A-248679
020 ## - INTERNATIONAL STANDARD BOOK NUMBER
Terms of availability 00.00
International Standard Book Number 0863072755
035 ## - SYSTEM CONTROL NUMBER
System control number A-248679
037 ## - SOURCE OF ACQUISITION
Source of stock number/acquisition Cen Lib/Ret
040 ## - CATALOGING SOURCE
Original cataloging agency DPL
Language of cataloging EN
082 ## - DEWEY DECIMAL CLASSIFICATION NUMBER
Classification number 635
Item number WIL
100 ## - MAIN ENTRY--PERSONAL NAME
Personal name Wiles, Richard
9 (RLIN) 95579
245 ## - TITLE STATEMENT
Title The garden handyman /
Statement of responsibility, etc by Richard Wiles
260 ## - PUBLICATION, DISTRIBUTION, ETC. (IMPRINT)
Place of publication, distribution, etc Middlesex
Name of publisher, distributor, etc Aura Editions
Date of publication, distribution, etc 1985
270 ## - ADDRESS
City Middlesex
Address 2 Derby Road
300 ## - PHYSICAL DESCRIPTION
Extent 72p.:
Dimensions 28cm(Hb)
Other physical details ill.
490 ## - SERIES STATEMENT
Series statement Garden colour series
500 ## - GENERAL NOTE
General note includes index
650 ## - SUBJECT ADDED ENTRY--TOPICAL TERM
Topical term or geographic name as entry element Garden structures -- Design and construction.
9 (RLIN) 95580
650 ## - SUBJECT ADDED ENTRY--TOPICAL TERM
Topical term or geographic name as entry element Gardens -- Structures -- Construction - Amateurs' manuals
9 (RLIN) 95581
942 ## - ADDED ENTRY ELEMENTS (KOHA)
Source of classification or shelving scheme Dewey Decimal Classification
Koha item type English Books
Classification part 635
Call number suffix WIL
Holdings
Withdrawn status Lost status Damaged status Not for loan Collection code Home library Current library Date acquired Source of acquisition Cost, normal purchase price Total Checkouts Full call number Barcode Date last seen Copy number Cost, replacement price Price effective from Koha item type
      Not For Loan Reference Central Library Central Library 03/10/2015 Cen Lib/Ref 0.00   635 WIL A-248679 03/10/2015 1 0.00 03/10/2015 English Books

© Delhi Public Library
Hit Counter
free hit counter